[Event "SR 2. liga A 2014/2015"]
[Site "?"]
[Date "2014.12.06"]
[Round "5.6"]
[White "Janos, Jozef"]
[Black "Micek, Jaroslav"]
[Result "0-1"]
[WhiteElo "2151"]
[BlackElo "2112"]
[PlyCount "110"]
[EventDate "2014.??.??"]

1. c4 Nc6 2. Nc3 e5 3. g3 g6 4. Bg2 Bg7 5. e3 Nge7 6. Nge2 O-O 7. O-O d6 8. d4
exd4 9. exd4 Nf5 10. d5 Ncd4 11. Nxd4 Nxd4 12. Ne4 h6 13. Rb1 a5 14. Bxh6 Bxh6
15. Qxd4 Bg7 16. Qd2 Bf5 17. Rbc1 b6 18. Rfe1 Qd7 19. Nc3 Bf6 20. Nb5 Kg7 21.
f3 g5 22. g4 Bg6 23. Re3 Be5 24. Rxe5 dxe5 25. Qxg5 f6 26. Qe3 Rae8 27. h3 f5
28. f4 exf4 29. Qxf4 Re7 30. g5 Rfe8 31. Kh2 Kg8 32. Rd1 c6 33. Nd4 c5 34. Nc6
Re2 35. b3 R8e3 36. Kg1 Qe8 37. Bf3 Rxa2 38. Rf1 Rb2 39. d6 Rbxb3 40. Ne7+ Kg7
41. Bc6 Qf7 42. Bd5 Qe8 43. Bc6 Qf7 44. Nxf5+ Qxf5 45. Qxf5 Bxf5 46. Rxf5 Rbd3
47. Bd5 Re8 48. h4 Rd8 49. Rf7+ Kg6 50. Rf6+ Kh5 51. Rh6+ Kg4 52. Kf2 a4 53. d7
Rb3 54. Be6+ Kf4 55. Rf6+ Ke5 0-1

[Event "SR 2. liga A 2014/2015"]
[Site "?"]
[Date "2014.12.06"]
[Round "5.6"]
[White "Dujava, Daniel"]
[Black "Fabry, Robert"]
[Result "1-0"]
[WhiteElo "2078"]
[BlackElo "2129"]
[PlyCount "55"]
[EventDate "2014.??.??"]

1. e4 e5 2. Nf3 Nc6 3. Bb5 a6 4. Ba4 Nf6 5. O-O Be7 6. Re1 b5 7. Bb3 O-O 8. a4
b4 9. d3 d6 10. a5 Rb8 11. Nbd2 h6 12. Nf1 Bg4 13. h3 Bxf3 14. Qxf3 Nd4 15. Qg3
Nxb3 16. cxb3 Kh7 17. Ne3 g6 18. Qf3 Ne8 19. Nd5 Bg5 20. Be3 Bxe3 21. Qxe3 c6
22. Nb6 c5 23. f4 f6 24. fxe5 fxe5 25. Rf1 Rxf1+ 26. Rxf1 Rb7 27. Qf2 Qe7 28.
Nd5 1-0

[Event "SR 2. liga A 2014/2015"]
[Site "?"]
[Date "2014.12.06"]
[Round "5.6"]
[White "Slapak, Zdenek"]
[Black "Pytlik, Pavol"]
[Result "1-0"]
[WhiteElo "2091"]
[BlackElo "2027"]
[PlyCount "71"]
[EventDate "2014.??.??"]

1. c4 Nf6 2. Nc3 g6 3. g3 Bg7 4. Bg2 O-O 5. d4 d6 6. Nf3 c6 7. O-O Qc7 8. h3 e5
9. e4 Re8 10. Re1 Nbd7 11. b3 a6 12. a4 c5 13. dxe5 dxe5 14. a5 Rb8 15. Be3 b5
16. axb6 Rxb6 17. Nd5 Nxd5 18. cxd5 f5 19. Ng5 Qb8 20. exf5 gxf5 21. Ra3 Rg6
22. Ne6 Nf6 23. Nxg7 Rxg7 24. Bxc5 f4 25. b4 Nd7 26. Qh5 Nf6 27. Qd1 Nd7 28.
gxf4 Nxc5 29. bxc5 Qb4 30. Qc1 Rf8 31. Rxe5 Qd4 32. Qe3 Qb2 33. Rb3 Qa1+ 34.
Kh2 Rgf7 35. Re8 Rxf4 36. Rxc8 1-0

[Event "SR 2. liga A 2014/2015"]
[Site "?"]
[Date "2014.12.06"]
[Round "5.6"]
[White "Prochazka, Jaromir"]
[Black "Mikulas, Dusan"]
[Result "0-1"]
[WhiteElo "1945"]
[BlackElo "2073"]
[PlyCount "104"]
[EventDate "2014.??.??"]

1. Nf3 g6 2. d4 Bg7 3. c4 d6 4. e3 Nc6 5. Nc3 e5 6. dxe5 Nxe5 7. Nxe5 Bxe5 8.
Qc2 Ne7 9. Be2 Nc6 10. Nd5 O-O 11. Bd2 Bf5 12. Qb3 a5 13. Bc3 b6 14. Bf3 Rb8
15. O-O Bxc3 16. Qxc3 Ne5 17. Be2 c6 18. Nf4 Qe7 19. Rad1 Rfd8 20. Rd2 Rd7 21.
h3 h5 22. Rfd1 Rbd8 23. Qd4 Rb8 24. e4 Be6 25. Nxe6 fxe6 26. f4 c5 27. Qe3 Nc6
28. Qg3 Kh7 29. f5 gxf5 30. exf5 Rg8 31. Qf3 Nd4 32. Qxh5+ Kg7 33. Qg6+ Kf8 34.
Qh6+ Qg7 35. Qxg7+ Rdxg7 36. g4 exf5 37. Rf1 Rf7 38. Kh2 fxg4 39. Rxf7+ Kxf7
40. hxg4 Nxe2 41. Rxe2 Rxg4 42. b3 b5 43. Kh3 Rd4 44. cxb5 Rb4 45. Kg3 Rxb5 46.
Kf3 Rb4 47. Rd2 Ke6 48. Ke3 a4 49. bxa4 Rxa4 50. Rb2 Ke5 51. Kd3 Kd5 52. Kc2
Rb4 0-1

[Event "SR 2. liga A 2014/2015"]
[Site "?"]
[Date "2014.12.06"]
[Round "5.6"]
[White "Kolman, Richard"]
[Black "Vanek, Libor"]
[Result "1-0"]
[WhiteElo "2029"]
[BlackElo "1830"]
[PlyCount "122"]
[EventDate "2014.??.??"]

1. d4 Nf6 2. Bg5 Ne4 3. Bf4 d5 4. f3 Nd6 5. Nc3 e6 6. e4 c6 7. Qd2 Be7 8. e5
Nf5 9. g4 Bh4+ 10. Kd1 Ne7 11. Bd3 Nd7 12. Nge2 a6 13. Bg5 Bxg5 14. Qxg5 Kf8
15. Qe3 b6 16. Nb1 c5 17. c3 Bb7 18. Nd2 Nc6 19. a3 Qe7 20. Rc1 h5 21. Nf4 hxg4
22. fxg4 Qh4 23. Nf3 Qe7 24. Kc2 Ke8 25. Kb1 Kd8 26. Ng5 Kc7 27. Rcf1 Ncxe5 28.
dxe5 d4 29. cxd4 Bxh1 30. Rxh1 cxd4 31. Rc1+ Kb8 32. Qxd4 Nc5 33. Ne4 Rd8 34.
Qb4 Ka7 35. Nxc5 bxc5 36. Qxc5+ Qxc5 37. Rxc5 Rd7 38. Bc2 Rh8 39. h3 g5 40. Nh5
Kb6 41. Rc3 Rd2 42. Be4 Re2 43. Nf6 Rd8 44. Rc6+ Kb5 45. Rd6 Re1+ 46. Ka2 Rxd6
47. exd6 Kb6 48. Nd7+ Ka7 49. Nc5 Kb8 50. Nd7+ Kc8 51. Nc5 Rc1 52. d7+ Kc7 53.
b4 Rc3 54. Bc6 Rc2+ 55. Kb3 Rd2 56. Nb7 Rxd7 57. Bxd7 Kxd7 58. Nc5+ Kd6 59.
Ne4+ Ke5 60. Nxg5 f6 61. Nxe6 Kxe6 1-0

[Event "SR 2. liga A 2014/2015"]
[Site "?"]
[Date "2014.12.07"]
[Round "6.1"]
[White "Madar, Martin"]
[Black "Hricak, Vasil"]
[Result "1/2-1/2"]
[WhiteElo "2174"]
[BlackElo "2090"]
[PlyCount "46"]
[EventDate "2014.??.??"]

1. e4 d6 2. d4 Nf6 3. f3 e5 4. d5 Be7 5. c4 O-O 6. Be3 Nh5 7. Qd2 c5 8. Bd3 Nf4
9. Bc2 Na6 10. g3 Ng6 11. a3 f5 12. Nc3 f4 13. Bf2 Bd7 14. Nb5 Bxb5 15. cxb5
Nc7 16. a4 b6 17. Bd3 a6 18. bxa6 Nxa6 19. g4 Bh4 20. Ne2 Bxf2+ 21. Kxf2 Qh4+
22. Kg2 Nb4 23. Bb5 Ra7 1/2-1/2

[Event "SR 2. liga A 2014/2015"]
[Site "?"]
[Date "2014.12.07"]
[Round "6.1"]
[White "Szollos, Ondrej"]
[Black "Janos, Ivan"]
[Result "1-0"]
[WhiteElo "1972"]
[BlackElo "2171"]
[PlyCount "91"]
[EventDate "2014.??.??"]

1. Nf3 Nf6 2. d3 d5 3. c3 g6 4. Nbd2 Bg7 5. e4 O-O 6. e5 Ng4 7. d4 c5 8. h3 Nh6
9. Be2 Nc6 10. O-O cxd4 11. cxd4 Nf5 12. Nb3 Qb6 13. Bf4 a5 14. a4 f6 15. exf6
exf6 16. Rc1 Re8 17. Bb5 Re4 18. Bh2 Bf8 19. g4 Ng7 20. Nc5 Re8 21. Bf4 Ne6 22.
Be3 Nc7 23. Bd3 Nb4 24. Bb1 Qd6 25. Qd2 b6 26. Bf4 Qe7 27. Bxc7 Qxc7 28. Ne6
Qd6 29. Nc7 Re4 30. Bxe4 dxe4 31. Nxa8 Bb7 32. Nxb6 exf3 33. Nc4 Qd5 34. b3 h5
35. Rc3 hxg4 36. hxg4 Qe4 37. Ne3 Bd6 38. Rfc1 Nd5 39. Qd3 Nxc3 40. Rxc3 Qf4
41. Qxg6+ Kf8 42. Qh7 Ba6 43. Qh8+ Kf7 44. Qh5+ Kf8 45. Nf5 Bb4 46. Re3 1-0

[Event "SR 2. liga A 2014/2015"]
[Site "?"]
[Date "2014.12.07"]
[Round "6.1"]
[White "Bochnickova, Andrea"]
[Black "Kucera, Michal"]
[Result "1-0"]
[WhiteElo "2166"]
[BlackElo "1934"]
[PlyCount "67"]
[EventDate "2014.??.??"]

1. e4 c5 2. Nf3 Nc6 3. d4 cxd4 4. Nxd4 Nf6 5. Nc3 e5 6. Ndb5 d6 7. Bg5 a6 8.
Na3 b5 9. Nd5 Be7 10. Bxf6 Bxf6 11. c3 O-O 12. Nc2 Rb8 13. Be2 Bg5 14. O-O Kh8
15. Bg4 Be6 16. Nce3 Bxe3 17. Nxe3 Ne7 18. Qe2 Bxg4 19. Qxg4 Rb7 20. Rfd1 g6
21. Qf3 Kg7 22. Ng4 Nc6 23. Rd3 Rd7 24. Rad1 h5 25. Ne3 Ne7 26. Qg3 f6 27. f4
Rf7 28. h4 Kh6 29. fxe5 fxe5 30. Qg5+ Kh7 31. g4 Nc8 32. gxh5 Qxg5+ 33. hxg5
Rf4 34. Nd5 1-0

[Event "SR 2. liga A 2014/2015"]
[Site "?"]
[Date "2014.12.07"]
[Round "6.1"]
[White "Lobodas, Andrej"]
[Black "Michal, Silvio"]
[Result "0-1"]
[WhiteElo "1914"]
[BlackElo "2089"]
[PlyCount "80"]
[EventDate "2014.??.??"]

1. e4 c5 2. Bc4 e6 3. Ne2 d5 4. exd5 exd5 5. Bb5+ Nc6 6. O-O Nf6 7. d4 a6 8.
Bxc6+ bxc6 9. Bg5 h6 10. Bh4 Be7 11. Nd2 O-O 12. Nb3 c4 13. Nd2 Re8 14. c3 Bf5
15. b4 a5 16. Bxf6 Bxf6 17. Ng3 Bd3 18. a3 Bxf1 19. Ndxf1 axb4 20. axb4 Rxa1
21. Qxa1 Qa8 22. Qc1 Qa2 23. h3 Bg5 24. Qd1 Re6 25. Qg4 Qc2 26. f4 Be7 27. f5
Re1 28. Nh5 Bf8 29. Nf6+ Kh8 30. Nd7 Qd3 31. Qf4 Kg8 32. Ne5 Qxc3 33. f6 Qc1
34. Qf2 Bxb4 35. fxg7 Rxf1+ 36. Qxf1 Qxf1+ 37. Kxf1 c3 38. Ke2 c2 39. Nd3 Kxg7
40. g4 Bc3 0-1

[Event "SR 2. liga A 2014/2015"]
[Site "?"]
[Date "2014.12.07"]
[Round "6.1"]
[White "Gazi, Mikulas"]
[Black "Jurcak, Marian"]
[Result "1-0"]
[WhiteElo "2098"]
[BlackElo "1856"]
[PlyCount "73"]
[EventDate "2014.??.??"]

1. e4 c5 2. Nf3 d6 3. d4 cxd4 4. Nxd4 Nf6 5. Nc3 a6 6. Bd3 Nc6 7. Nde2 b5 8.
O-O Ne5 9. Kh1 g6 10. Bg5 e6 11. f4 Nxd3 12. Qxd3 h6 13. Bh4 Be7 14. Rad1 b4
15. Na4 Bd7 16. b3 Bb5 17. Qf3 Rc8 18. Rd2 Bxa4 19. bxa4 Qa5 20. e5 dxe5 21.
fxe5 Qxe5 22. Bxf6 Bxf6 23. Qxf6 Qxf6 24. Rxf6 Ke7 25. Rf4 a5 26. Kg1 e5 27.
Rf3 f5 28. a3 e4 29. Rb3 bxa3 30. Rxa3 Rc4 31. Nf4 Kf6 32. g3 Kg5 33. Rb3 Rxa4
34. Rb6 Kg4 35. Kg2 Rg8 36. Rdd6 Rc4 37. Rxg6+ 1-0

[Event "SR 2. liga A 2014/2015"]
[Site "?"]
[Date "2014.12.07"]
[Round "6.1"]
[White "Marcok, Jan"]
[Black "Syrovy, Ivan"]
[Result "0-1"]
[WhiteElo "1000"]
[BlackElo "2017"]
[PlyCount "128"]
[EventDate "2014.??.??"]

1. e4 c5 2. Nf3 g6 3. d4 cxd4 4. Nxd4 Bg7 5. Be3 Nc6 6. c3 Nf6 7. Nd2 d5 8. f3
O-O 9. Be2 e5 10. Nxc6 bxc6 11. exd5 cxd5 12. O-O d4 13. cxd4 exd4 14. Bf2 d3
15. Nb3 dxe2 16. Qxe2 Re8 17. Qb5 Qd5 18. Qxd5 Nxd5 19. Bd4 Re2 20. Bxg7 Kxg7
21. Rf2 Rxf2 22. Kxf2 Be6 23. Nd4 Nf4 24. Nxe6+ fxe6 25. Rd1 Nd5 26. Rc1 Rb8
27. b3 Rb7 28. Rc6 Kf6 29. Rc5 Rc7 30. Ra5 Ke5 31. Ra4 Kd6 32. Ra6+ Kd7 33. Ra5
Kc8 34. Ra6 Nb6 35. Ra5 Kb7 36. Re5 Rc6 37. h4 Nd7 38. Re2 e5 39. Kg3 Kb6 40.
Kg4 h6 41. Kg3 Rc3 42. h5 g5 43. Kg4 Rc6 44. Kf5 Rf6+ 45. Ke4 Rf4+ 46. Kd5 Rd4+
47. Ke6 a5 48. Rc2 e4 49. fxe4 Nc5+ 50. Kf7 Rxe4 51. Rf2 Nd7 52. Kg7 Re6 53.
Rf7 Kc6 54. Rf5 Ne5 55. Rf6 Rxf6 56. Kxf6 Kd6 57. a3 Kd5 58. b4 a4 59. Kf5 Nc4
60. Kg6 Nxa3 61. Kxh6 Nc4 62. Kg7 Nd6 63. g4 Ke6 64. b5 a3 0-1

[Event "SR 2. liga A 2014/2015"]
[Site "?"]
[Date "2014.12.07"]
[Round "6.2"]
[White "Bronis, Marian"]
[Black "Rohacek, Miroslav"]
[Result "1-0"]
[WhiteElo "2157"]
[BlackElo "2272"]
[PlyCount "93"]
[EventDate "2014.??.??"]

1. d4 d5 2. c4 e6 3. Nc3 Nf6 4. cxd5 exd5 5. Bg5 Be7 6. e3 O-O 7. Qc2 Nbd7 8.
Bd3 h6 9. Bf4 c6 10. h3 Re8 11. Nf3 Nf8 12. O-O-O Ne6 13. Bh2 c5 14. Kb1 c4 15.
Bf5 g6 16. Bxg6 fxg6 17. Qxg6+ Ng7 18. g4 Rf8 19. Bf4 Nfe8 20. Qc2 a6 21. Ne5
b5 22. Nc6 Qd7 23. Nxe7+ Qxe7 24. Nxd5 Qe6 25. Nc3 b4 26. d5 Qb6 27. Ne4 Bd7
28. Qxc4 Rc8 29. Qd4 Qg6 30. Ka1 Ba4 31. Rc1 Rd8 32. Qxb4 Bb5 33. Rhd1 Be2 34.
Rd4 Bf3 35. Rc6 Qf7 36. Rxh6 Rxd5 37. Ng5 Rxd4 38. Qxd4 Qb7 39. Nxf3 Qxf3 40.
Qc4+ Rf7 41. a3 a5 42. g5 Kf8 43. Rh8+ Ke7 44. Qc5+ Kd7 45. Qa7+ Ke6 46. Rh6+
Nf6 47. Qb6+ 1-0

[Event "SR 2. liga A 2014/2015"]
[Site "?"]
[Date "2014.12.07"]
[Round "6.2"]
[White "Maslikova, Veronika"]
[Black "Duriga, Stefan"]
[Result "1/2-1/2"]
[WhiteElo "2234"]
[BlackElo "2239"]
[PlyCount "108"]
[EventDate "2014.??.??"]

1. e4 d6 2. d4 Nf6 3. Nc3 g6 4. f3 Bg7 5. Bg5 h6 6. Be3 Nc6 7. Qd2 e5 8. dxe5
Nxe5 9. O-O-O Be6 10. Nd5 a6 11. Kb1 b5 12. g4 Nfd7 13. h3 Rb8 14. f4 Bxd5 15.
exd5 Nc4 16. Bxc4 bxc4 17. Bd4 Bxd4 18. Qxd4 O-O 19. Qxc4 Qf6 20. Qd4 Rfe8 21.
Nf3 Re3 22. Qxf6 Nxf6 23. Rhf1 Rbe8 24. Kc1 R8e4 25. f5 Rf4 26. Nd4 Rxf1 27.
Rxf1 g5 28. Rf3 Rxf3 29. Nxf3 Nxd5 30. Kd2 Kg7 31. c4 Nf4 32. b4 Nxh3 33. a4
Kf6 34. a5 Ke7 35. b5 Kd7 36. bxa6 Kc8 37. Ke3 Nf4 38. Nd4 Kb8 39. Nc6+ Ka8 40.
Ke4 h5 41. gxh5 Nxh5 42. Kf3 Nf6 43. Nd8 Ka7 44. Nxf7 g4+ 45. Kg3 Kxa6 46. Nh6
Kxa5 47. Nxg4 Nd7 48. Ne3 c6 49. Kf4 Kb4 50. Kg5 Kc3 51. f6 Kd4 52. Nf5+ Ke5
53. Ne7 c5 54. Nc6+ Ke6 1/2-1/2

[Event "SR 2. liga A 2014/2015"]
[Site "?"]
[Date "2014.12.07"]
[Round "6.2"]
[White "Biro, Karol"]
[Black "Kralovic, Andrej"]
[Result "0-1"]
[WhiteElo "2136"]
[BlackElo "2172"]
[PlyCount "62"]
[EventDate "2014.??.??"]

1. e4 e6 2. d4 d5 3. Nc3 Nf6 4. Bg5 Bb4 5. e5 h6 6. exf6 hxg5 7. fxg7 Rg8 8.
Qd3 Qf6 9. a3 Ba5 10. Nf3 Nc6 11. O-O-O Qxg7 12. Re1 Bxc3 13. Qxc3 Bd7 14. Nd2
Qxd4 15. Qg3 Qf4 16. Qxf4 gxf4 17. Nf3 Ke7 18. g3 fxg3 19. hxg3 Rh8 20. Nh4 Kd6
21. Bg2 Ne7 22. Rd1 Ng6 23. Nxg6 fxg6 24. f4 Rxh1 25. Rxh1 g5 26. Kd2 Rg8 27.
Bf3 Rf8 28. Ke3 gxf4+ 29. gxf4 d4+ 30. Kxd4 Rxf4+ 31. Ke3 Rxf3+ 0-1

[Event "SR 2. liga A 2014/2015"]
[Site "?"]
[Date "2014.12.07"]
[Round "6.2"]
[White "Machalova, Maria"]
[Black "Sukuba, Zdeno"]
[Result "1/2-1/2"]
[WhiteElo "2096"]
[BlackElo "2096"]
[PlyCount "97"]
[EventDate "2014.??.??"]

1. c4 Nf6 2. Nc3 e6 3. g3 d5 4. cxd5 exd5 5. d4 c6 6. Bg2 Bd6 7. Nf3 Nbd7 8.
O-O O-O 9. a3 Re8 10. b4 a6 11. Na4 Ne4 12. Qc2 h6 13. Nc5 Ndf6 14. Bb2 Qe7 15.
e3 Bf5 16. Qb3 Rab8 17. a4 Bg4 18. Bc3 a5 19. bxa5 Bxc5 20. dxc5 Nxc3 21. Qxc3
Ne4 22. Qb4 Qxc5 23. Rfb1 Qxb4 24. Rxb4 Bxf3 25. Bxf3 Nc5 26. Be2 Re4 27. Rab1
Rxb4 28. Rxb4 Ra8 29. a6 bxa6 30. Rb6 Rc8 31. a5 Kf8 32. Bxa6 Nxa6 33. Rxa6 Ke7
34. Ra7+ Ke6 35. a6 c5 36. Rb7 g5 37. a7 Ra8 38. h4 g4 39. Kf1 h5 40. Ke2 f6
41. f3 gxf3+ 42. Kxf3 Kf5 43. Rh7 Kg6 44. Rd7 c4 45. Ke2 Kf5 46. Rxd5+ Kg4 47.
Kf2 Rxa7 48. Rd4+ Kh3 49. Rxc4 1/2-1/2

[Event "SR 2. liga A 2014/2015"]
[Site "?"]
[Date "2014.12.07"]
[Round "6.2"]
[White "Petreje, Juraj"]
[Black "Sahidi, Samir"]
[Result "1-0"]
[WhiteElo "2060"]
[BlackElo "2026"]
[PlyCount "111"]
[EventDate "2014.??.??"]

1. d4 Nf6 2. Nf3 g6 3. g3 Bg7 4. Bg2 O-O 5. O-O d6 6. c4 Nbd7 7. Nc3 c6 8. Qc2
e5 9. dxe5 dxe5 10. b3 Qc7 11. Ba3 Re8 12. Rad1 Bf8 13. Bxf8 Nxf8 14. Qc1 Kg7
15. Qb2 Bg4 16. h3 Bxf3 17. Bxf3 Ne6 18. Bg2 Nd7 19. Rd2 f5 20. Rfd1 Nf6 21. e3
Rad8 22. b4 Rxd2 23. Rxd2 Rd8 24. Nb1 Rxd2 25. Nxd2 Kf7 26. c5 Ke7 27. Nc4 Nd7
28. Qa3 a6 29. Qd3 Ng5 30. f4 Nf7 31. Qc3 Qb8 32. a4 Qc7 33. Kh2 h5 34. Qd2 Nf6
35. Kg1 e4 36. Bf1 g5 37. Qd4 h4 38. Nd6 Qd7 39. Bc4 Nd5 40. Bxd5 cxd5 41. Qxd5
Nxd6 42. Qe5+ Kf7 43. cxd6 gxf4 44. gxf4 Qc8 45. Qe7+ Kg6 46. Qc7 Qg8 47. d7
Kh5+ 48. Kf1 Qg3 49. d8=Q Qxh3+ 50. Ke2 Qf3+ 51. Kd2 Qf2+ 52. Kd1 Kg4 53. Qd2
Qf1+ 54. Kc2 Kh3 55. Qe5 Qc4+ 56. Kb2 1-0

[Event "SR 2. liga A 2014/2015"]
[Site "?"]
[Date "2014.12.07"]
[Round "6.2"]
[White "Macko, Miroslav"]
[Black "Mandak, Miroslav"]
[Result "1-0"]
[WhiteElo "2010"]
[BlackElo "2003"]
[PlyCount "73"]
[EventDate "2014.??.??"]

1. e4 c6 2. d4 d5 3. Nc3 dxe4 4. Nxe4 Bf5 5. Ng3 Bg6 6. Nf3 e6 7. h4 Bd6 8. h5
Bf5 9. Nxf5 exf5 10. Bd3 Ne7 11. Bd2 Nd7 12. c4 c5 13. Qc2 f4 14. Bc3 cxd4 15.
Bxd4 Qa5+ 16. Kf1 Be5 17. Nxe5 Nxe5 18. Re1 N7c6 19. Bc3 Qc7 20. Bf5 h6 21. Qe4
f6 22. Bg6+ Kd8 23. Rh3 a5 24. Qxf4 Kc8 25. Bf5+ Kb8 26. a3 Re8 27. Rhe3 Rd8
28. b4 axb4 29. axb4 Ra4 30. Bc2 Rxb4 31. Bxb4 Nxb4 32. Bf5 Nbd3 33. Bxd3 Nxd3
34. Qxc7+ Kxc7 35. Re7+ Kc8 36. Rd1 b6 37. Ra7 1-0

[Event "SR 2. liga A 2014/2015"]
[Site "?"]
[Date "2014.12.07"]
[Round "6.2"]
[White "Kebis, Milos"]
[Black "Lintner, Igor"]
[Result "0-1"]
[WhiteElo "1942"]
[BlackElo "1941"]
[PlyCount "58"]
[EventDate "2014.??.??"]

1. c4 e5 2. Nc3 Nf6 3. Nf3 Nc6 4. g3 Bc5 5. Bg2 d6 6. O-O O-O 7. a3 a5 8. d3 h6
9. Bd2 Be6 10. Rc1 Qd7 11. Na4 Bh3 12. Nxc5 dxc5 13. Bc3 Bxg2 14. Kxg2 Rfe8 15.
Nd2 Nh7 16. f4 exf4 17. Rxf4 Ng5 18. Qf1 Ne7 19. e4 Red8 20. Nb3 b6 21. Rd1 c6
22. Kh1 Ng6 23. Rf5 Nxe4 24. d4 a4 25. Nc1 cxd4 26. Rxd4 Qe6 27. Nd3 Rxd4 28.
Bxd4 Nd2 29. Bxb6 Nxf1 0-1

[Event "SR 2. liga A 2014/2015"]
[Site "?"]
[Date "2014.12.07"]
[Round "6.2"]
[White "Macko, Peter"]
[Black "Mikulasek, Viktor"]
[Result "1/2-1/2"]
[WhiteElo "1900"]
[BlackElo "1889"]
[PlyCount "49"]
[EventDate "2014.??.??"]

1. e4 d6 2. d4 c5 3. d5 Nf6 4. Bd3 a6 5. c4 g6 6. Nc3 Bg7 7. Nge2 e5 8. O-O O-O
9. f4 exf4 10. Bxf4 Ng4 11. Qd2 Ne5 12. Bg5 Qc7 13. Bf6 Bxf6 14. Rxf6 Nbd7 15.
Rf4 Nxd3 16. Qxd3 Ne5 17. Qg3 Nxc4 18. Raf1 Ne5 19. h3 b5 20. Nb1 Qe7 21. Nd2
Bb7 22. Rf6 a5 23. Qg5 Rae8 24. Ng3 Kh8 25. Qf4 1/2-1/2

[Event "SR 2. liga A 2014/2015"]
[Site "?"]
[Date "2014.12.07"]
[Round "6.3"]
[White "Liptak, Tomas"]
[Black "Federic, Jozef"]
[Result "1/2-1/2"]
[WhiteElo "2168"]
[BlackElo "2305"]
[PlyCount "49"]
[EventDate "2014.??.??"]

1. e4 c5 2. Nf3 e6 3. d4 cxd4 4. Nxd4 Nf6 5. Nc3 d6 6. Be2 Be7 7. O-O O-O 8.
Be3 Nc6 9. Kh1 Re8 10. f4 e5 11. Nxc6 bxc6 12. Bf3 Qc7 13. fxe5 dxe5 14. Na4
Ba6 15. Rf2 Qa5 16. b3 Rad8 17. Qe1 Qc7 18. Nc5 Bc8 19. h3 Nd7 20. Nxd7 Bxd7
21. Qc3 Be6 22. Rd2 Rxd2 23. Qxd2 Rd8 24. Qe1 Qc8 25. Kh2 1/2-1/2

[Event "SR 2. liga A 2014/2015"]
[Site "?"]
[Date "2014.12.07"]
[Round "6.3"]
[White "Kleman, Miroslav"]
[Black "Drtina, Milan"]
[Result "1-0"]
[WhiteElo "2230"]
[BlackElo "2175"]
[PlyCount "43"]
[EventDate "2014.??.??"]

1. e4 e5 2. f4 exf4 3. Nf3 g5 4. Nc3 Bg7 5. g3 g4 6. Nh4 d6 7. d4 f3 8. Be3 c6
9. Bc4 Qe7 10. Qd2 Bf6 11. O-O-O Bxh4 12. gxh4 Nd7 13. Bf4 Nb6 14. Bb3 Bd7 15.
a4 O-O-O 16. a5 Na8 17. d5 Nc7 18. e5 Nxd5 19. exd6 Qf6 20. Bxd5 cxd5 21. Nxd5
Qf5 22. Ne7+ 1-0

[Event "SR 2. liga A 2014/2015"]
[Site "?"]
[Date "2014.12.07"]
[Round "6.3"]
[White "Puskar, Peter"]
[Black "Dugovic, Branislav"]
[Result "1/2-1/2"]
[WhiteElo "2051"]
[BlackElo "2207"]
[PlyCount "91"]
[EventDate "2014.??.??"]

1. d4 Nf6 2. c4 e5 3. dxe5 Ng4 4. Bf4 Bb4+ 5. Nd2 d6 6. e3 dxe5 7. Bg3 Nc6 8.
a3 Bxd2+ 9. Qxd2 Qxd2+ 10. Kxd2 Be6 11. Nf3 O-O-O+ 12. Kc3 f6 13. Nd2 h5 14. h4
Ne7 15. e4 Nc6 16. f3 Ne3 17. Bf2 Nxf1 18. Nxf1 Nd4 19. Bxd4 Rxd4 20. Ne3 c6
21. b3 Rhd8 22. Rad1 g6 23. Kc2 Kc7 24. Rxd4 Rxd4 25. Rd1 Kd6 26. Rxd4+ exd4
27. Nd1 Ke5 28. g3 f5 29. exf5 Bxf5+ 30. Kd2 c5 31. Nf2 b6 32. Kc1 Kf6 33. f4
Bd7 34. Kd2 Kf5 35. Kd3 Bc6 36. Kc2 a5 37. a4 Bg2 38. Kd2 Bf3 39. Kc2 Be4+ 40.
Kb2 Bf3 41. Kc2 Ba8 42. Kd2 Be4 43. Kc1 Bg2 44. Kd2 Bf1 45. Ke1 Bg2 46. Kd2
1/2-1/2

[Event "SR 2. liga A 2014/2015"]
[Site "?"]
[Date "2014.12.07"]
[Round "6.3"]
[White "Mydlarik, Martin"]
[Black "Puchart, Vladimir"]
[Result "1-0"]
[WhiteElo "2138"]
[BlackElo "2031"]
[PlyCount "69"]
[EventDate "2014.??.??"]

1. d4 Nf6 2. Nf3 d5 3. c4 e6 4. Nc3 Be7 5. Bg5 O-O 6. e3 b6 7. cxd5 exd5 8. Bd3
Bb7 9. O-O Ne4 10. Bxe7 Qxe7 11. Rc1 c5 12. dxc5 bxc5 13. Be2 Nxc3 14. Rxc3 Nd7
15. Qc2 a6 16. Rd1 Rfe8 17. Bf1 Rad8 18. h3 Qf6 19. Nd2 d4 20. exd4 cxd4 21.
Rg3 Ne5 22. Nb3 Ng6 23. Nc5 Qc6 24. b4 a5 25. a3 axb4 26. axb4 Nf4 27. Qf5 Ng6
28. Nxb7 Qxb7 29. b5 Re5 30. Qb1 Nf4 31. Qb4 Ne2+ 32. Bxe2 Rxe2 33. Rxd4 Rxd4
34. Qxd4 Qxb5 35. Qxg7# 1-0

[Event "SR 2. liga A 2014/2015"]
[Site "?"]
[Date "2014.12.07"]
[Round "6.3"]
[White "Nicolini, Alexander"]
[Black "Kundrak, Vladimir"]
[Result "1-0"]
[WhiteElo "2120"]
[BlackElo "1949"]
[PlyCount "61"]
[EventDate "2014.??.??"]

1. e4 d5 2. exd5 Nf6 3. d4 Bg4 4. Be2 Bxe2 5. Nxe2 Qxd5 6. O-O Nc6 7. c3 O-O-O
8. Qb3 Qxb3 9. axb3 Kb8 10. Bg5 Ne4 11. Be3 a6 12. f3 Nf6 13. Nd2 e5 14. Nc4
Nd5 15. Bf2 exd4 16. Nxd4 Nxd4 17. Bxd4 Nf4 18. Rfe1 f6 19. Rad1 Ng6 20. Re6
Ne7 21. Rde1 Nc6 22. Bf2 Kc8 23. f4 f5 24. b4 Rd7 25. Re8+ Rd8 26. R8e6 Rd7 27.
Bh4 Rf7 28. Kf1 Kd7 29. Rxc6 bxc6 30. Ne5+ Ke6 31. Ng6+ 1-0

[Event "SR 2. liga A 2014/2015"]
[Site "?"]
[Date "2014.12.07"]
[Round "6.3"]
[White "Sustak, Roman"]
[Black "Doucha, Ludvik"]
[Result "0-1"]
[WhiteElo "1877"]
[BlackElo "2006"]
[PlyCount "82"]
[EventDate "2014.??.??"]

1. Nf3 Nf6 2. c4 c5 3. g3 d5 4. cxd5 Nxd5 5. Nc3 Nc7 6. Bg2 Nc6 7. O-O e5 8. d3
Be7 9. h4 O-O 10. Ng5 h6 11. Nge4 f5 12. Nd2 Be6 13. Nc4 Nd5 14. Bd2 Rc8 15. e3
Qd7 16. Qe2 Bf6 17. Rfd1 Rfd8 18. Be1 Nce7 19. a4 b6 20. f4 exf4 21. gxf4 Nc6
22. Nxd5 Bxd5 23. Qh5 Kh7 24. Bc3 Qe6 25. Bxd5 Rxd5 26. Rd2 g6 27. Qf3 Bxh4 28.
e4 fxe4 29. dxe4 Rxd2 30. Nxd2 Nd4 31. Qg2 Bf6 32. Re1 Nc2 33. Re2 Bd4+ 34. Kh2
Ne3 35. Qf3 Ng4+ 36. Kg2 Bxc3 37. bxc3 Rf8 38. Kg3 Ne5 39. f5 gxf5 40. exf5
Rxf5 41. Qe4 Qg6+ 0-1

[Event "SR 2. liga A 2014/2015"]
[Site "?"]
[Date "2014.12.07"]
[Round "6.3"]
[White "Sturdik, Igor"]
[Black "Horvath, Marek"]
[Result "1/2-1/2"]
[WhiteElo "1990"]
[BlackElo "1817"]
[PlyCount "87"]
[EventDate "2014.??.??"]

1. e4 e5 2. Nf3 Nf6 3. d4 Nxe4 4. dxe5 d5 5. Bd3 Be7 6. O-O O-O 7. c4 c6 8. Qc2
f5 9. exf6 Nxf6 10. cxd5 cxd5 11. Nc3 Nc6 12. a3 Bg4 13. Ng5 h6 14. Nh7 Nxh7
15. Bxh7+ Kh8 16. Bd3 Ne5 17. Be2 Bf5 18. Qd1 d4 19. f4 d3 20. fxe5 dxe2 21.
Qxe2 Qd4+ 22. Be3 Qxe5 23. Rad1 Rac8 24. Rd5 Qe6 25. Qd2 Qg6 26. Bd4 Be6 27.
Rxf8+ Rxf8 28. Re5 Bc4 29. Re1 Bg5 30. Be3 Rd8 31. Qf2 a6 32. Bxg5 Qxg5 33. Ne4
Qg6 34. Ng3 Bb5 35. h4 Re8 36. Rxe8+ Qxe8 37. Kh2 Bc6 38. Qf5 Qe7 39. Qf4 Qe6
40. Qd4 Qg6 41. Qf4 Qc2 42. Qf8+ Kh7 43. Qf5+ Qxf5 44. Nxf5 1/2-1/2

[Event "SR 2. liga A 2014/2015"]
[Site "?"]
[Date "2014.12.07"]
[Round "6.3"]
[White "Soldan, Jan"]
[Black "Krist, Milan"]
[Result "1/2-1/2"]
[WhiteElo "1763"]
[BlackElo "1913"]
[PlyCount "114"]
[EventDate "2014.??.??"]

1. e4 e6 2. d4 d5 3. e5 c5 4. c3 Nc6 5. a3 cxd4 6. cxd4 Qb6 7. Nf3 Nge7 8. b4
Nf5 9. Bb2 Bd7 10. Be2 g6 11. O-O Bg7 12. g4 Nfxd4 13. Bxd4 Nxd4 14. Qxd4 Qxd4
15. Nxd4 Bxe5 16. Nb3 Bxa1 17. Nxa1 Rc8 18. Nb3 b6 19. f3 Ke7 20. Bd3 Rc7 21.
Kf2 Ba4 22. N3d2 Rhc8 23. h4 Rc1 24. Rxc1 Rxc1 25. h5 Kf6 26. hxg6 fxg6 27. Nf1
Bc2 28. Bxc2 Rxc2+ 29. Nfd2 h5 30. Kg3 Rc1 31. gxh5 gxh5 32. Kg2 Ke5 33. Kg3
Rg1+ 34. Kf2 Rg7 35. Nc3 h4 36. Ne2 Rc7 37. f4+ Kd6 38. Nf3 Rh7 39. Ng5 Rg7 40.
Nd4 Rg8 41. Ndf3 a5 42. bxa5 bxa5 43. Nxh4 Rb8 44. Nhf3 Rb2+ 45. Ke1 Rb6 46.
Nd4 Ke7 47. Kd2 Kf6 48. Ndxe6 Rxe6 49. Nxe6 Kxe6 50. Kd3 Kf5 51. Kd4 Kxf4 52.
a4 Kf5 53. Kxd5 Kf6 54. Kc6 Ke6 55. Kb5 Kd7 56. Kxa5 Kc7 57. Ka6 Kb8 1/2-1/2